| 000 | 00333nam a2200145Ia 4500 | ||
|---|---|---|---|
| 008 | 230711s9999||||xx |||||||||||||| ||und|| | ||
| 041 | _aENG | ||
| 082 |
_a800 _bDH-S |
||
| 100 | _aDhawan,B.D | ||
| 245 | 0 | _aSpiritual explanation of OM | |
| 260 |
_c1997 _aNew Delhi _bB.D.Dhawan |
||
| 300 | _a128 | ||
| 650 | _aLiterature | ||
| 942 | _cBK | ||
| 999 |
_c5218 _d5218 |
||